| 000 | 00837nab a2200217 i 4500 | ||
|---|---|---|---|
| 001 | BPP | ||
| 003 | BPK | ||
| 005 | 20150225130547.0 | ||
| 008 | 150225s1973 pl | | |000 ||pol | ||
| 040 | _cBPK | ||
| 080 | _a378 | ||
| 100 |
_aSMOLEŃSKI, Jerzy. _d1968 - 1991. _bWyższa Szkoła Inżynierska w Koszalinie - Instytut Budownictwa, _cZakład Konstrukcji Metalowych i Specjalnych |
||
| 245 |
_aPierwsze cztery lata Wyższej Szkoły Inżynierskiej w Koszalinie / _cJerzy Smoleński. |
||
| 260 | _c1973. | ||
| 500 | _aDane z autopsji. | ||
| 520 | _aPodsumowanie działalności Wyższej Szkoły Inżynierskiej w Koszalinie w latach 1968-1973. | ||
| 650 | 0 | _aSzkolnictwo wyższe. | |
| 650 | 0 | _aPolitechnika Koszalińska. | |
| 773 |
_iW : _tKoszalińskie Studia i Materiały. - _g1973, nr 1, s. 11-18 |
||
| 942 |
_cART _2UKD |
||
| 999 |
_c4035 _d4035 |
||